| 000 | 00612nam a2200217Ia 4500 | ||
|---|---|---|---|
| 003 | IIN | ||
| 005 | 20240124124812.0 | ||
| 008 | 231217s9999 xx 000 0 und d | ||
| 020 |
_cRs.1000.00 _a9788131211519 |
||
| 040 |
_aIIN _bEnglish |
||
| 082 |
_a617.0231 _bCHI |
||
| 100 | 1 | _aChintamoni | |
| 245 | 1 |
_aMoroney's Surgery for Nurses / _cEdited by : Chintamoni and Elsa Sanatombi Devi |
|
| 250 | _a.-17th ed | ||
| 260 |
_bMosby Elsevier _aNew Delhi _c2008 |
||
| 300 | _avii, 372 p. | ||
| 650 | 1 |
_aMedical Surgical _vNursing |
|
| 650 | 1 |
_aSurgery for _vNurses |
|
| 700 | 1 | _aDevi, Elsa Sanatombi | |
| 942 | _cBOOK | ||
| 999 |
_c562 _d562 |
||